Business Communication (Record no. 4105)

MARC details
000 -LEADER
fixed length control field 00305nam a2200133Ia 4500
008 - FIXED-LENGTH DATA ELEMENTS--GENERAL INFORMATION
fixed length control field 191201s2009 xx 000 0 und d
100 ## - MAIN ENTRY--PERSONAL NAME
Personal name Ramchandran, K.K.
245 #0 - TITLE STATEMENT
Title Business Communication
250 ## - EDITION STATEMENT
Edition statement Rep.
260 ## - PUBLICATION, DISTRIBUTION, ETC. (IMPRINT)
Place of publication, distribution, etc N.Delhi
Name of publisher, distributor, etc Macmillan
Date of publication, distribution, etc 2009
300 ## - PHYSICAL DESCRIPTION
Extent 303
650 ## - SUBJECT ADDED ENTRY--TOPICAL TERM
Topical term or geographic name as entry element MBA
942 ## - ADDED ENTRY ELEMENTS (KOHA)
Source of classification or shelving scheme Dewey Decimal Classification
Koha item type Text Books
Holdings
Withdrawn status Lost status Source of classification or shelving scheme Damaged status Not for loan Collection code Home library Current library Date acquired Source of acquisition Cost, normal purchase price Bill Number Total Checkouts Full call number Acc. no. / Barcode Date last seen Bill Date Koha item type Date last borrowed
    Dewey Decimal Classification     MBA PIET C-LIBRARY PIET C-LIBRARY 04/09/2009 J B C, New Delhi 180.00 SI-2524   658.45 RAB 13614 04/12/2019 28/08/2009 Text Books  
    Dewey Decimal Classification     MBA PIET C-LIBRARY PIET C-LIBRARY 04/09/2009 J B C, New Delhi 180.00 SI-2524 1 658.45 RAB 13615 27/06/2023 28/08/2009 Text Books 14/06/2023

Design & Developed by: PIET Central Library
R70 Miles Stone Pattikalyana Samalkha Panipat 132102
mail ID :- [email protected], Phone No:- 0180-2569700 Ex.216